000 00704nam 22002413 4500
001 201455
010 _a978-972-0-04617-8
021 _aPT
_b372119/14
090 _a201455
100 _a20260323d u||y0pory50 ba
101 _apor
200 _aO Lugar do Coração
_fEmily Giffin
_gTradução de Cláudia Ramos
205 _a
210 _aPorto
_cPorto Editora
_d2014
215 _a406, [2] p.
_cBrochado
_d24 cm
300 _aRomance
304 _aTít. orig.: Where we belong
606 _916
_aLiteratura Americana
675 _a821.111(73)-31/GIF/LUG
_vPT
_zpor
700 _9531
_aGiffin
_bEmily
_f1972-
801 _aPT
_bBMMN
_gRPC
830 _cCarlos Pinto
_d23-03-2026
_fCarlos Pinto
990 _cLIVROS